Linux troubleshooting for system administrators and power users (Record no. 1316)

MARC details
000 -LEADER
fixed length control field 00470nam a2200169Ia 4500
008 - FIXED-LENGTH DATA ELEMENTS--GENERAL INFORMATION
fixed length control field 130318s9999 xx 000 0 und d
020 ## - INTERNATIONAL STANDARD BOOK NUMBER
International Standard Book Number 131855158
082 ## - DEWEY DECIMAL CLASSIFICATION NUMBER
Classification number 005.432L KIR/L
100 ## - MAIN ENTRY--PERSONAL NAME
Personal name Kirkland, James
245 ## - TITLE STATEMENT
Title Linux troubleshooting for system administrators and power users
260 ## - PUBLICATION, DISTRIBUTION, ETC.
Name of publisher, distributor, etc. Pearson Education
Place of publication, distribution, etc. Boston
Date of publication, distribution, etc. 2006
300 ## - PHYSICAL DESCRIPTION
Extent 571
650 ## - SUBJECT ADDED ENTRY--TOPICAL TERM
Topical term or geographic name entry element LINUX
650 ## - SUBJECT ADDED ENTRY--TOPICAL TERM
Topical term or geographic name entry element OPERATING SYSTEM
700 ## - ADDED ENTRY--PERSONAL NAME
Personal name Carmichael, David
700 ## - ADDED ENTRY--PERSONAL NAME
Personal name Tinker, Christopher L
Holdings
Withdrawn status Lost status Damaged status Not for loan Collection code Home library Current library Shelving location Date acquired Cost, normal purchase price Total Checkouts Full call number Barcode Date last seen Price effective from Koha item type
        Operating System Kerala University of Digital Sciences, Innovation and Technology Knowledge Centre Kerala University of Digital Sciences, Innovation and Technology Knowledge Centre Computer Science 18/03/2013 1967.00   005.432L KIR/L 1323 18/03/2013 18/03/2013 Books